000 00935nas a2200301 4500
001 BR2016003358
003 BR-BrBNA
005 20231205130513.0
007 ta
008 230509b bl.|||p| |||| 00| 00por d
040 _aBR-BrBNA
_bpor
_cBiblioteca Nacional de Agricultura
041 _a(Pt)
072 _aH10
100 1 _aSchulz, D.G.
100 1 _aSchneider, C.F.
100 1 _aBrand, F.C.G.
100 1 _aMalavasi, U.C.
100 1 _aMalavasi, M. de M.
245 1 _aAvaliação de danos causados por percevejos em sementes de Jatropha curcas
650 _aPINHÃO DE PURGA
650 _aSEMENTE
650 _aPERCEVEJO
650 _aDANO
773 0 _tPesquisa Florestal Brasileira (Brazil)
_xISSN 1983-2605
_g(Jul-Sep 2012), v. 32(71) p. 335-339
_wBR2016003358
856 4 0 _uhttp://pfb.cnpf.embrapa.br/pfb/index.php/pfb/article/view/330
909 _a202311
_bLúcia
_c55
_dLúcia Elande
942 _2AGRIS
_n0
_cANA
999 _c249794
_d249794